000 002680000a22000970004500
100 1 _aSchipani, Daniel S.
245 1 0 _aAproximación para una pastoral del matrimonio en crisis
300 _aNum. 10 (1981), Páginas 47-52
773 0 _tPsicología pastoral
942 _cANA
999 _c53308
_d53308